000 00663nam a2200229 a 4500
005 20240601063640.0
008 060224s1998 es r 000 0 spa d
020 _a843441175X
035 _aUPN01000142698
049 _aCG
050 4 _aHM1106
_bC3.5
100 1 _aCamps, Victoria
_928640
245 1 0 _aManual de civismo /
_cVictoria Camps, Salvador Giner.
260 _aBarcelona, Esp. :
_bAriel,
_c1998.
300 _a159 p.
440 0 _aAriel ;
_v176
650 4 _aRelaciones interpersonales
_91551
650 4 _aCivismo
_910828
700 1 _aGiner de San Julián, Salvador,
_d1934-
_ecomp.
_931215
905 _aLibro
999 _c114845
_d114845